Khảo sát sự đáp ứng đối với phân lân của cây bắp rau (Zea mays L) và bước đầu xây dựng bảng phân cấp hàm lượng lân dễ tiêu trong đất trồng rau màu ở ĐBSCL : Luận văn Thạc sĩ khoa học Nông nghiệp chuyên ngành Khoa học Đất

Spremljeno u:
Bibliografski detalji
Glavni autor: Nguyễn, Thúy Quyên
Format: Knjiga
Jezik:Undetermined
Izdano: Cần Thơ Trường Đại học Cần Thơ 2010
Teme:
Oznake: Dodaj oznaku
Bez oznaka, Budi prvi tko označuje ovaj zapis!
Thư viện lưu trữ: Trung tâm Học liệu Trường Đại học Cần Thơ
LEADER 00996nam a2200205Ia 4500
001 CTU_162398
008 210402s9999 xx 000 0 und d
082 |a 631.85 
082 |b Q527 
088 |a 60620103 
100 |a Nguyễn, Thúy Quyên 
245 0 |a Khảo sát sự đáp ứng đối với phân lân của cây bắp rau (Zea mays L) và bước đầu xây dựng bảng phân cấp hàm lượng lân dễ tiêu trong đất trồng rau màu ở ĐBSCL : 
245 0 |b Luận văn Thạc sĩ khoa học Nông nghiệp chuyên ngành Khoa học Đất 
245 0 |c Nguyễn Thuý Quyên ; Người hướng dẫn khoa học Nguyễn Mỹ Hoa 
260 |a Cần Thơ 
260 |b Trường Đại học Cần Thơ 
260 |c 2010 
650 |a Phosphates,Phosphorus in agriculture,Corn,Soil science 
904 |i Cúc, Bạch Trúc 
980 |a Trung tâm Học liệu Trường Đại học Cần Thơ